LEADER 00964nam0-22003011i-450- 001 990003014040403321 035 $a000301404 035 $aFED01000301404 035 $a(Aleph)000301404FED01 035 $a000301404 100 $a20000920d1983----km-y0itay50------ba 101 0 $aita 102 $aIT 200 1 $aAspetti economici della coltivazione del sesamo in Somalia$fD.Borra, L.castellani, H.Ismail, M.Kalif. 210 $aTorino$cIstituto di economia e politica agraria dell'Università di Torino$d1983. 215 $a73 p.$d24 cm 676 $aF/1.11 676 $aH/1.223 702 1$aBorra,$bDaniela 712 2$aUniversità degli studi di Torino.$bIstituto di economia e politica agraria 801 0$aIT$bUNINA$gRICA$2UNIMARC 901 $aBK 912 $a990003014040403321 952 $aA/60 BOR$b2002$fSES 959 $aSES 996 $aAspetti economici della coltivazione del sesamo in Somalia$9467860 997 $aUNINA DB $aING01 LEADER 00964cam0-2200349---450- 001 990004191250403321 005 20101105133730.0 010 $a88-317-6304-0 035 $a000419125 035 $aFED01000419125 035 $a(Aleph)000419125FED01 035 $a000419125 100 $a19990604d1995----km-y0itay50------ba 101 2 $aita$ager 102 $aIT 105 $a--------001by 200 1 $aWoyzeck$fGeorg Büchner$ga cura di Hermann Dorowin$gtraduzione di Claudio Magris 205 $a3. ed. 210 $aVenezia$cMarsilio$d1995 215 $a177 p.$d19 cm 300 $aCon testo a fronte 676 $a832.7 700 1$aBüchner,$bGeorg$f<1813-1837>$0386176 702 1$aDorowin,$bHermann 702 1$aMagris,$bClaudio$f<1939- > 801 0$aIT$bUNINA$gRICA$2UNIMARC 901 $aBK 912 $a990004191250403321 952 $a832.7 BUCH 2(1)$bBibl.21257$fFLFBC 959 $aFLFBC 996 $aWoyzeck$9484189 997 $aUNINA LEADER 02961nam 2200661Ia 450 001 9910453173903321 005 20200520144314.0 010 $a9786611783341 010 $a1-281-78334-X 010 $a1-84714-047-5 035 $a(CKB)1000000000541571 035 $a(EBL)436355 035 $a(OCoLC)320325038 035 $a(SSID)ssj0000121186 035 $a(PQKBManifestationID)11141073 035 $a(PQKBTitleCode)TC0000121186 035 $a(PQKBWorkID)10109869 035 $a(PQKB)10784649 035 $a(MiAaPQ)EBC436355 035 $a(Au-PeEL)EBL436355 035 $a(CaPaEBR)ebr10250936 035 $a(CaONFJC)MIL178334 035 $a(OCoLC)893334126 035 $a(EXLCZ)991000000000541571 100 $a19970401d1998 uy 0 101 0 $aeng 135 $aur|n|---||||| 181 $ctxt 182 $cc 183 $acr 200 10$aChildren's literature and its effects$b[electronic resource] $ethe formative years /$fCedric Cullingford 210 $aLondon ;$aWashington $cCassell$d1998 215 $a1 online resource (231 p.) 225 1 $aChildren, teachers, and learning 300 $aDescription based upon print version of record. 311 $a0-304-70092-4 311 $a0-304-70093-2 320 $aIncludes bibliographical references and index. 327 $aContents; Foreword; Preface and Acknowledgements; 1 A Secret World? Children's Response to Literature; 2 Reflections of Real Life: The Ethos of Schools; 3 Deliberate Appeals: For Children or to Children? The Case of Herbert Strang; 4 Formative Years. The Novels of Percy F. Westerman; 5 The Perfect World of Enid Blyton; 6 Sense and Sensuality: From Angela Brazil to Point Romance; 7 Political Correctness and the Subversive: Judy Blume and the Baby-Sitters Club; 8 The Exuberant Incorrectness of Roald Dahl; 9 The Attractions of Escape: Comics 327 $a10 Preparation for the Adult World? From Point Horror to Stephen King11 Developing Children's Tastes in Literature; 12 Conclusion; Index 330 $aA study of children's authors who are typical of their time, such as Enid Blyton, Angela Brazil, Judy Blume and Ronald Dahl. The book discusses comics as well as ""classic"" texts, and the possible effects of these materials on children's attitudes. 410 0$aChildren, teachers, and learning. 606 $aChildren$xBooks and reading 606 $aChildren's stories$xHistory and criticism 606 $aPopular literature$xHistory and criticism 608 $aElectronic books. 615 0$aChildren$xBooks and reading. 615 0$aChildren's stories$xHistory and criticism. 615 0$aPopular literature$xHistory and criticism. 676 $a028.5/5 700 $aCullingford$b Cedric$0863618 801 0$bMiAaPQ 801 1$bMiAaPQ 801 2$bMiAaPQ 906 $aBOOK 912 $a9910453173903321 996 $aChildren's literature and its effects$92237403 997 $aUNINA LEADER 01897nas 2200409 n 450 001 990008882740403321 005 20240229084333.0 011 $a0002-2977 035 $a000888274 035 $aFED01000888274 035 $a(Aleph)000888274FED01 035 $a000888274 091 $2CNR$aP 00090107 100 $a20090724a19509999km-y0itaa50------ba 101 0 $ager 102 $aDE 110 $aauu-------- 200 1 $aAbhandlungen der geistes- und sozialwissenschaftlichen Klasse. Akademie der Wissenschaften und der Literatur in Mainz 207 1$a1950- 210 $aMainz$cAkademie der Wissenschaften und der Literatur;Steiner in Komm 530 0 $aAbhandlungen der geistes- und sozialwissenschaftlichen Klasse. Akademie der Wissenschaften und der Literatur in Mainz 675 $a061.6 675 $a3 675 $a008 675 $a82 675 $aa8 712 02$aAkademie der Wissenschaften und der Literatur 801 0$aIT$bACNP$c20090723 859 4 $uhttp://acnp.cib.unibo.it/cgi-ser/start/it/cnr/dc-p1.tcl?catno=59746&person=false&language=ITALIANO&libr=&libr_th=unina1$zBiblioteche che possiedono il periodico 901 $aSE 912 $a990008882740403321 958 $aBiblioteca Centralizzata. Facoltà di Agraria dell'Università Federico II di Napoli$b1971;1982;$fFAGBC 959 $aFAGBC 996 $aAbhandlungen der geistes- und sozialwissenschaftlichen Klasse. Akademie der Wissenschaften und der Literatur in Mainz$9802158 997 $aUNINA AP1 8 $6866-01$aNA087 Biblioteca Centralizzata. Facoltà di Agraria dell'Università Federico II di Napoli$ev. Università, 100 Palazzo Reale, 80055 Portici (NA)$m081-2539322$m081-7760229$nit AP2 40$aacnp.cib.unibo.it$nACNP Italian Union Catalogue of Serials$uhttp://acnp.cib.unibo.it/cgi-ser/start/it/cnr/df-p.tcl?catno=59746&language=ITALIANO&libr=&person=&B=1&libr_th=unina&proposto=NO